| 000 | 00349cam a2200145ua 4500 | ||
|---|---|---|---|
| 041 |
_ahin _h |
||
| 082 |
_a891.54 _bSWE/SA |
||
| 100 | _aSweet, Mardon . | ||
| 245 |
_aSafal kayesal hum / _cSweet Mardon. _hTextual Documents |
||
| 260 |
_a : _bHindi Prakand Bavasi , _c1983. |
||
| 300 | _a122 ; . | ||
| 504 | _a | ||
| 942 | _cBK | ||
| 999 |
_c2550 _d2550 |
||